000 00869nam a2200301 c 4500
003 BLK
005 20180420221043.0
008 180408b bul|||||r ||||||| ||bul||
010 _aKNG00041389000
020 _a0-14-051220-9
_bиздат.: Penguin
040 _aBLK
041 _aENG
_cENG
080 _aМедицина
_b61
_x(031)
_z61(031)
100 1 _aWingate, Peter
_eпърви автор
_9276038
700 1 _aWingate, Richard
_eсъавт.
_9276039
139 _aWingate, Peter et al.
_bW 72
245 1 0 _aThe Penguin medical encyclopedia
_cPeter Wingate; съавт. Richard Wingate.
250 _a3. ed
257 _aGBR
260 London
_bPenguin
_c1988
300 _a500 c
_bс ил.
_c20 cm
380 _a61
852 _aЦб 174535
856 4 _qpdf
_u
856 4 _qpdf
_u
942 _cKNG
_n0
944 _aCR
_c15.01.2003
_kКети_Илиева
944 _aED
_c24.06.2005
_k
999 _c38188
_d38188